Départements français en deux mots. - Statistiques

Statistiques générales
  • Ce quiz a été pris 28 fois
  • Le résultat moyen est 15 sur 18
Statistiques - réponses
Réponse % Correct
Haute Corse
100%
Haute Garonne
96%
Pyrénées Atlantiques
92%
Pyrénées Orientales
92%
Alpes Maritimes
88%
Bas Rhin
88%
Hautes Alpes
88%
Haut Rhin
88%
Haute Marne
84%
Haute Savoie
84%
Hautes Pyrénées
84%
Loire Atlantique
84%
Haute Loire
80%
Charente Maritime
72%
Haute Saone
72%
Deux Sèvres
68%
Seine Maritime
64%
Haute Vienne
60%
Aucun quiz correspondant
Distribution des résultats
% des personnes avec chaque résultat
Percentile par nombre de réponses
Votre historique - résultats
Vous n’avez pas pris ce quiz